000 02018nam0a22003611 4500
001 v19\rc\2110521
005 20260407103817.0
035 _a(NLR Aleph) 005181741
090 _a5137312
_c5137312
100 _a20090914d1817 |||y0rusy50 ca
101 1 _arus
_cger
102 _aRU
140 _ay y cayaa0100
200 1 _aЧертова мельница,
_eопера в четырех действиях,
_fпочерпнутая из древней австрийской повести гна. Леопольда Губера и обработанная Карлом Фридрихом Генслером,
_gпереведенная с немецкаго Герасимом Сокольским.
_gМузыка гна. Венцель Мюллер.
_gПредставлена в первый раз императорскими российскими актерами в бенефис актера гна. Фрыгина, ноября 2го числа 1816 года
210 _aМосква
_cв Университетской типографии
_d1817
215 _a108 с.
_d12°
300 _aЦенз.: М-во полиции, 1 сент. 1816 г.
316 _aЭкз. РНБ (18.169.2.164) в изд. обл.
_5NLR: 18.169.2.164
316 _aЭкз. РНБ (19.113а.1.122): деф.: отсутствует обл.
_5NLR: 19.113а.1.122
620 _aМосква
700 1 _6z01790
_aХенслер
_bК.Ф.
_f1761-1825
_gКарл Фридрих
702 1 _aГубер
_bЛ.
_gЛеопольд
_4100
702 1 _aМюллер
_bВ.
_gВенцель
_4230
702 1 _aСокольский
_bГ.
_gГерасим
_4730
712 0 2 _4610
_aМосковский университет
_bТипография
_3RU\NLR\AUTH\889932963
_9361140
790 1 _6z01700
_aГенслер
_bК.Ф.
_gКарл Фридрих
801 0 _aRU
_bNLR
_gpsbo
801 1 _aRU
_bProSoft-M
_2rusmarc
852 _aNLR
_j18.169.2.164
852 _aNLR
_j19.113а.1.122
942 _cBOOK
980 _aNB